[Event "DEM U16 2007"]
[Site "Willingen GER"]
[Date "2007.05.27"]
[Round "1"]
[White "Bogner, Sebastian"]
[Black "Wendling, Hannes"]
[Result "1-0"]
[Termination "normal"]
[Board "1"]
[WhiteTitle "IM"]
[WhiteElo "2331"]
[BlackElo "2136"]
[PlyCount "87"]
[WhiteFideId "4692055"]
[BlackFideId "24624284"]
[EventCountry "GER"]
[EventRounds "9"]
[EventType "swiss"]
[EventDate "2007.05.26"]

1. Nf3 d5 2. c4 e6 3. e3 Nf6 4. Nc3 c6 5. b3 Bd6 6. Bb2 O-O 7. Qc2 Nbd7 8. Be2
Re8 9. d4 dxc4 10. bxc4 c5 11. O-O a6 12. Bd3 cxd4 13. exd4 e5 14. Ne4 Nxe4 15.
Bxe4 h6 16. c5 Bb8 17. c6 bxc6 18. Bxc6 Ra7 19. Nxe5 Bxe5 20. dxe5 Rc7 21. Qe4
Nc5 22. Qf3 Bg4 23. Qxg4 Rxc6 24. Rfd1 Qb8 25. Qd4 Ne6 26. Qe4 Rb6 27. Bc3 Rc8
28. Bd2 Nc5 29. Qd5 Rb5 30. Qd6 Qxd6 31. exd6 Rd8 32. a4 Rb7 33. Ba5 Rdd7 34.
Rac1 Nb3 35. Rc8+ Kh7 36. Bc3 Rb6 37. Be5 Rbb7 38. g4 f6 39. Bg3 Kg6 40. Rd3
Kf7 41. Rc7 Ke8 42. Re3+ Kd8 43. Re7 Na5 44. Rexd7+ 1-0

[Event "DEM U16 2007"]
[Site "Willingen GER"]
[Date "2007.05.27"]
[Round "1"]
[White "Dann, Matthias"]
[Black "Jorczik, Julian"]
[Result "0-1"]
[Termination "normal"]
[Board "2"]
[BlackTitle "FM"]
[WhiteElo "2093"]
[BlackElo "2294"]
[PlyCount "78"]
[WhiteFideId "24638056"]
[BlackFideId "24611719"]
[EventCountry "GER"]
[EventRounds "9"]
[EventType "swiss"]
[EventDate "2007.05.26"]

1. e4 c5 2. Nf3 Nc6 3. d4 cxd4 4. Nxd4 Qb6 5. Nb3 Nf6 6. Bd3 e6 7. O-O Be7 8.
Be3 Qc7 9. f4 d6 10. Nc3 a6 11. Qf3 O-O 12. Rae1 b5 13. e5 dxe5 14. fxe5 Nd7
15. Qe4 g6 16. Bf4 Bb7 17. Qe2 Bh4 18. g3 Be7 19. h4 b4 20. Nd1 a5 21. h5 a4
22. Nd2 Nd4 23. Qg4 Qb6 24. Kh2 f5 25. exf6 Nxf6 26. Qg5 Ra5 27. Re5 Qc6 28.
Ne4 Nxe4 29. Qxe7 Rxe5 30. Bxe5 Nf6 31. Ne3 Nf3+ 32. Kh3 Nxe5 33. hxg6 hxg6 34.
Kh4 Nf3+ 35. Kh3 Ng5+ 36. Kh4 Nf3+ 37. Kh3 Ne5 38. Qxb4 Rf7 39. g4 Nfxg4 0-1

[Event "DEM U16 2007"]
[Site "Willingen GER"]
[Date "2007.05.27"]
[Round "1"]
[White "Lichmann, Peter"]
[Black "Kachibadze, Georg"]
[Result "0-1"]
[Termination "normal"]
[Board "3"]
[WhiteElo "2314"]
[BlackElo "1994"]
[PlyCount "136"]
[WhiteFideId "14111268"]
[BlackFideId "24640794"]
[EventCountry "GER"]
[EventRounds "9"]
[EventType "swiss"]
[EventDate "2007.05.26"]

1. d4 d5 2. c4 e6 3. Nc3 Nf6 4. cxd5 exd5 5. Bg5 Be7 6. e3 O-O 7. Bd3 Nbd7 8.
Qc2 Re8 9. Nge2 Nf8 10. O-O c6 11. Rab1 a5 12. f3 Ng6 13. Rbe1 h6 14. Bxg6 hxg5
15. Bf5 Bd6 16. Ng3 Qc7 17. Bxc8 Raxc8 18. Qf2 Bxg3 19. Qxg3 Qxg3 20. hxg3 g4
21. Kf2 Rcd8 22. Rd1 Rd7 23. Rfe1 Rde7 24. Re2 g6 25. Rde1 Rd8 26. Na4 Ne8 27.
Rc1 Nd6 28. Nb6 Rde8 29. Rc3 Kg7 30. Rd2 Rh8 31. Re2 Nf5 32. Na4 gxf3 33. Kxf3
Rhe8 34. Rd3 Nd6 35. Nc5 Kf6 36. Rb3 Nf5 37. Rd3 Nd6 38. Nb3 Kg5 39. Nxa5 Ne4
40. Re1 Re6 41. Ke2 Rf6 42. Ra3 Rf2+ 43. Kd1 Rxb2 44. Re2 Rb5 45. Kc2 Nxg3 46.
Rf2 Nf5 47. Rf3 Rxe3 48. Rxf5+ Kxf5 49. Rxe3 Rxa5 50. Kb3 Rb5+ 51. Kc3 Kg4 52.
Re1 f5 53. a4 Rb6 54. Re6 g5 55. a5 Ra6 56. Re7 Rxa5 57. Rxb7 c5 58. dxc5 Rxc5+
59. Kd3 Ra5 60. Rb2 f4 61. Kd4 Kg3 62. Rc2 g4 63. Rb2 f3 64. gxf3 gxf3 65. Rb8
Ra4+ 66. Ke5 f2 67. Rf8 Re4+ 68. Kxd5 Rf4 0-1

[Event "DEM U16 2007"]
[Site "Willingen GER"]
[Date "2007.05.27"]
[Round "1"]
[White "Seemann, Semjon"]
[Black "Heimann, Andreas"]
[Result "1/2-1/2"]
[Termination "normal"]
[Board "4"]
[WhiteElo "1991"]
[BlackElo "2231"]
[PlyCount "108"]
[WhiteFideId "24624080"]
[BlackFideId "24624632"]
[EventCountry "GER"]
[EventRounds "9"]
[EventType "swiss"]
[EventDate "2007.05.26"]

1. e4 c5 2. Nf3 e6 3. d4 cxd4 4. Nxd4 a6 5. Nc3 Qc7 6. Bd3 Nc6 7. Nb3 Nf6 8.
Qe2 Be7 9. O-O O-O 10. f4 d6 11. Bd2 b5 12. Rae1 Nd7 13. Nd5 exd5 14. exd5 Nce5
15. fxe5 Nxe5 16. Bc3 Bg5 17. Bxe5 dxe5 18. Qxe5 Qxe5 19. Rxe5 Bf6 20. Rh5 Bg4
21. Rxh7 Bg5 22. h3 g6 23. Rhxf7 Be3+ 24. Kh2 Rxf7 25. Rxf7 Kxf7 26. hxg4 Kf6
27. Kg3 g5 28. Kf3 Bb6 29. Nd2 Ke5 30. Bf5 Rd8 31. a4 Rxd5 32. Ke2 Ba5 33. Nf3+
Kf4 34. axb5 axb5 35. c3 Bd8 36. Kf2 Bb6+ 37. Ke2 Rd8 38. g3+ Kxg3 39. Nxg5
Re8+ 40. Ne6 Rh8 41. Kd3 Rh2 42. g5 Bd8 43. Nxd8 Kf4 44. Bd7 Rxb2 45. g6 Ke5
46. g7 Rg2 47. Bxb5 Rxg7 48. Kc4 Rc7+ 49. Nc6+ Kd6 50. Kb4 Rh7 51. Nd4 Rh4 52.
Be8 Rh3 53. Bg6 Rh4 54. Kb5 Rxd4 1/2-1/2

[Event "DEM U16 2007"]
[Site "Willingen GER"]
[Date "2007.05.27"]
[Round "1"]
[White "Huschenbeth, Niclas"]
[Black "Kim, Oi-sin"]
[Result "1-0"]
[Termination "normal"]
[Board "5"]
[WhiteElo "2259"]
[BlackElo "2088"]
[PlyCount "55"]
[WhiteFideId "24604747"]
[BlackFideId "24605778"]
[EventCountry "GER"]
[EventRounds "9"]
[EventType "swiss"]
[EventDate "2007.05.26"]

1. e4 e5 2. Nf3 Nc6 3. Bb5 a6 4. Ba4 Nf6 5. d3 b5 6. Bb3 Be7 7. a4 Bb7 8. O-O
d6 9. Nc3 b4 10. Nd5 Nxd5 11. Bxd5 Na5 12. Bxb7 Nxb7 13. d4 Bf6 14. dxe5 dxe5
15. Qe2 Qe7 16. b3 O-O 17. Bb2 Qe6 18. Rfd1 Rfd8 19. Nd2 Na5 20. Nf1 g6 21. Ne3
c6 22. Rxd8+ Bxd8 23. Rd1 Bc7 24. Qg4 Qf6 25. Qd7 Bb6 26. Ng4 Qe6 27. Bxe5 h5
28. Nf6+ 1-0

[Event "DEM U16 2007"]
[Site "Willingen GER"]
[Date "2007.05.27"]
[Round "1"]
[White "Sergin, Mark"]
[Black "Kaczmarczyk, Dennis"]
[Result "1-0"]
[Termination "normal"]
[Board "6"]
[WhiteElo "2084"]
[BlackElo "2135"]
[PlyCount "91"]
[WhiteFideId "24615307"]
[BlackFideId "24608297"]
[EventCountry "GER"]
[EventRounds "9"]
[EventType "swiss"]
[EventDate "2007.05.26"]

1. e4 e6 2. d4 d5 3. Nd2 Nf6 4. e5 Nfd7 5. Bd3 c5 6. c3 Nc6 7. Ngf3 Qb6 8. O-O
cxd4 9. cxd4 Nxd4 10. Nxd4 Qxd4 11. Nf3 Qb6 12. Qa4 Qb4 13. Qc2 Nc5 14. Bd2 Qg4
15. Bb5+ Bd7 16. Bxd7+ Nxd7 17. Qc7 Rb8 18. Rfc1 Bb4 19. h3 Qxf3 20. gxf3 Bxd2
21. Rc2 Bf4 22. Re1 h5 23. Qd6 Rd8 24. Rc7 h4 25. Qb4 g5 26. Qxb7 d4 27. Rc8
Rf8 28. Rxd8+ Kxd8 29. Qa8+ Ke7 30. Qxa7 Rd8 31. Qxd4 Nxe5 32. Qc5+ Kf6 33. Rb1
Rd2 34. a4 Nd3 35. Qc3+ Kg6 36. Rf1 Nxb2 37. a5 Rd5 38. Qxb2 Rxa5 39. Rd1 Be5
40. Qc2+ Kf6 41. Qh7 Ra7 42. Qh6+ Kf5 43. Qh7+ Kf6 44. Rd8 Rc7 45. Rg8 Bd4 46.
Qg7+ 1-0

[Event "DEM U16 2007"]
[Site "Willingen GER"]
[Date "2007.05.27"]
[Round "1"]
[White "Geske, Julian"]
[Black "Homburg, David"]
[Result "1-0"]
[Termination "normal"]
[Board "7"]
[WhiteElo "2138"]
[BlackElo "2075"]
[PlyCount "61"]
[WhiteFideId "24605263"]
[BlackFideId "24632201"]
[EventCountry "GER"]
[EventRounds "9"]
[EventType "swiss"]
[EventDate "2007.05.26"]

1. e4 c5 2. Nf3 Nc6 3. d4 cxd4 4. Nxd4 g6 5. Nc3 Bg7 6. Be3 Nf6 7. Bc4 Qa5 8.
O-O O-O 9. Bb3 d6 10. h3 Bd7 11. Re1 Rfe8 12. Qd3 Ne5 13. Qf1 Rac8 14. f4 Nc6
15. Rad1 Rf8 16. Nd5 Nxd5 17. exd5 Nb4 18. Qf3 Ba4 19. c3 Na6 20. f5 Bxb3 21.
axb3 Qa2 22. Qf2 Qa5 23. Bg5 f6 24. Bf4 Rf7 25. Qf3 Nc7 26. fxg6 hxg6 27. Qg4
f5 28. Qxg6 Nxd5 29. Bh6 Nc7 30. Bxg7 Rxg7 31. Qxf5 1-0

[Event "DEM U16 2007"]
[Site "Willingen GER"]
[Date "2007.05.27"]
[Round "1"]
[White "Dalakian, Haroutioun"]
[Black "Savchenko, Aleksij"]
[Result "0-1"]
[Termination "normal"]
[Board "8"]
[WhiteElo "1918"]
[BlackElo "2101"]
[PlyCount "84"]
[WhiteFideId "24632058"]
[BlackFideId "24611727"]
[EventCountry "GER"]
[EventRounds "9"]
[EventType "swiss"]
[EventDate "2007.05.26"]

1. e4 c5 2. Nf3 d6 3. d4 cxd4 4. Nxd4 Nf6 5. Nc3 a6 6. h3 e6 7. g4 b5 8. Bg2
Bb7 9. Qe2 b4 10. Na4 d5 11. exd5 Bxd5 12. Bf3 Be7 13. Bf4 Bxf3 14. Nxf3 Nbd7
15. c4 bxc3 16. Nxc3 h6 17. O-O O-O 18. Rfd1 Qb6 19. Rd2 Qb7 20. Rad1 Nb6 21.
Ne5 Rfd8 22. Bg3 Rxd2 23. Rxd2 Rc8 24. Kh2 Bb4 25. Rd3 a5 26. Rf3 Bd6 27. a3
Bxe5 28. Bxe5 Nfd7 29. Bf4 Nc4 30. Bc1 Rc6 31. Rg3 Qc8 32. Nb5 Rc5 33. b3 Rxb5
34. bxc4 Rc5 35. Bd2 Ne5 36. g5 hxg5 37. Bxg5 Ng6 38. h4 Qc7 39. Qe3 Rxc4 40.
h5 Nh4 41. Bxh4 Rxh4+ 42. Kg2 Qc6+ 0-1

[Event "DEM U16 2007"]
[Site "Willingen GER"]
[Date "2007.05.27"]
[Round "1"]
[White "Strunski, Andreas"]
[Black "Jacobi, Robin"]
[Result "1-0"]
[Termination "normal"]
[Board "9"]
[WhiteElo "2165"]
[BlackElo "1977"]
[PlyCount "65"]
[WhiteFideId "24606073"]
[BlackFideId "24646962"]
[EventCountry "GER"]
[EventRounds "9"]
[EventType "swiss"]
[EventDate "2007.05.26"]

1. d4 Nf6 2. c4 e6 3. Nc3 Bb4 4. f3 d5 5. a3 Be7 6. e4 dxe4 7. fxe4 e5 8. d5
Ng4 9. Be2 Bc5 10. Bxg4 Qh4+ 11. g3 Qxg4 12. Qxg4 Bxg4 13. h3 Bh5 14. Nge2 Bf3
15. Rh2 a5 16. Bd2 Nd7 17. O-O-O Nb6 18. Nb5 Kd7 19. Rf1 Bh5 20. b3 c6 21. Nbc3
Bxa3+ 22. Kc2 Bg6 23. Rhf2 cxd5 24. Rxf7+ Kc6 25. Rxg7 dxc4 26. Be3 Nd5 27.
Rxg6+ hxg6 28. exd5+ Kd7 29. bxc4 Rxh3 30. Rf7+ Kc8 31. c5 Rh8 32. Nb5 Bb4 33.
Nd6+ 1-0

[Event "DEM U16 2007"]
[Site "Willingen GER"]
[Date "2007.05.27"]
[Round "1"]
[White "Gölz, Daniel"]
[Black "Seyb, Alexander"]
[Result "1-0"]
[Termination "normal"]
[Board "10"]
[WhiteElo "1974"]
[BlackElo "2103"]
[PlyCount "81"]
[WhiteFideId "24626325"]
[BlackFideId "4699033"]
[EventCountry "GER"]
[EventRounds "9"]
[EventType "swiss"]
[EventDate "2007.05.26"]

1. e4 c5 2. c3 Nf6 3. e5 Nd5 4. d4 cxd4 5. Nf3 e6 6. cxd4 b6 7. Nc3 Nxc3 8.
bxc3 Qc7 9. Bd2 d6 10. Bb5+ Nd7 11. Ng5 Bb7 12. Qh5 g6 13. Qh3 Be7 14. exd6
Qxd6 15. O-O a6 16. Bd3 Nf6 17. Rfe1 O-O 18. Re5 Rfe8 19. Rae1 Qd7 20. f4 Bf8
21. Qh4 Bg7 22. Kf2 Qa4 23. R1e2 Bd5 24. g4 Bxa2 25. Nf3 Bd5 26. R5e3 Qd7 27.
Ne5 Qb7 28. c4 Bh1 29. Kg1 a5 30. g5 Nh5 31. d5 a4 32. Kxh1 a3 33. Bc3 a2 34.
Ba1 exd5 35. cxd5 f6 36. gxf6 Bxf6 37. Qf2 Rf8 38. Rf3 Bxe5 39. Rxe5 Ra4 40.
Rxh5 Rb4 41. Qf1 1-0

[Event "DEM U16 2007"]
[Site "Willingen GER"]
[Date "2007.05.27"]
[Round "1"]
[White "Müller, Reinhold"]
[Black "Zahn, Benno"]
[Result "1-0"]
[Termination "normal"]
[Board "11"]
[WhiteElo "2125"]
[BlackElo "1846"]
[PlyCount "47"]
[WhiteFideId "24605875"]
[BlackFideId "24636070"]
[EventCountry "GER"]
[EventRounds "9"]
[EventType "swiss"]
[EventDate "2007.05.26"]

1. d4 d5 2. c4 e6 3. Nf3 Nf6 4. g3 Be7 5. Bg2 Nbd7 6. O-O O-O 7. Qc2 b6 8. cxd5
Nxd5 9. a3 Ba6 10. Rd1 h6 11. Ne5 Bb7 12. Nc6 Qe8 13. e4 N5f6 14. Bf4 Bd8 15.
Nd2 Bxc6 16. Qxc6 Rb8 17. Rac1 e5 18. dxe5 Nxe5 19. Bxe5 Qxe5 20. Nc4 Qh5 21.
h3 Re8 22. e5 Re6 23. Qa4 Nh7 24. Qxa7 1-0

[Event "DEM U16 2007"]
[Site "Willingen GER"]
[Date "2007.05.27"]
[Round "1"]
[White "Roitzsch, Philippe"]
[Black "Raykhman, Alexander"]
[Result "0-1"]
[Termination "normal"]
[Board "12"]
[WhiteElo "1874"]
[BlackElo "2026"]
[PlyCount "70"]
[WhiteFideId "24635529"]
[BlackFideId "24637033"]
[EventCountry "GER"]
[EventRounds "9"]
[EventType "swiss"]
[EventDate "2007.05.26"]

1. e4 c6 2. d4 d5 3. e5 Bf5 4. g4 Bd7 5. Bd3 c5 6. c3 Nc6 7. Bc2 cxd4 8. cxd4
Qb6 9. Ne2 Bxg4 10. Nbc3 e6 11. a3 Nge7 12. b4 Nf5 13. Be3 Nh4 14. O-O Bh3 15.
Re1 Nf3+ 16. Kh1 Bg4 17. Ng1 Nxe1 18. Qxe1 Be7 19. f4 Bh5 20. f5 exf5 21. Nxd5
Qd8 22. Nf4 Bg5 23. Ngh3 Bf3+ 24. Kg1 Bxf4 25. Nxf4 Nxd4 26. Qf2 Nxc2 27. Qxc2
Be4 28. Qa4+ Bc6 29. b5 Be4 30. Rd1 Qg5+ 31. Kf1 O-O 32. e6 fxe6 33. Qb3 Kh8
34. Nxe6 Qg2+ 35. Ke1 Bc2 0-1

[Event "DEM U16 2007"]
[Site "Willingen GER"]
[Date "2007.05.27"]
[Round "1"]
[White "Windjäger, Gerd"]
[Black "Hirneise, Jens"]
[Result "0-1"]
[Termination "normal"]
[Board "14"]
[WhiteElo "1478"]
[BlackElo "2076"]
[PlyCount "54"]
[BlackFideId "24614734"]
[EventCountry "GER"]
[EventRounds "9"]
[EventType "swiss"]
[EventDate "2007.05.26"]

1. d4 Nf6 2. Nf3 g6 3. Nbd2 Bg7 4. e4 d6 5. Bc4 O-O 6. O-O c6 7. c3 Qc7 8. Qe2
e5 9. dxe5 dxe5 10. Rd1 Nbd7 11. Nf1 Nc5 12. Ng3 b5 13. Bd3 Nxd3 14. Rxd3 Nd7
15. Be3 f5 16. Bc1 Nc5 17. Rd1 Be6 18. b3 f4 19. Nf1 Bf6 20. Ba3 Be7 21. N1d2
Bg4 22. c4 Ne6 23. Bxe7 Nd4 24. Qf1 Qxe7 25. Rdc1 Rfd8 26. cxb5 cxb5 27. Rc5
Qxc5 0-1

[Event "DEM U16 2007"]
[Site "Willingen GER"]
[Date "2007.05.27"]
[Round "2"]
[White "Müller, Reinhold"]
[Black "Bogner, Sebastian"]
[Result "1-0"]
[Termination "normal"]
[Board "1"]
[BlackTitle "IM"]
[WhiteElo "2125"]
[BlackElo "2331"]
[PlyCount "111"]
[WhiteFideId "24605875"]
[BlackFideId "4692055"]
[EventCountry "GER"]
[EventRounds "9"]
[EventType "swiss"]
[EventDate "2007.05.26"]

1. d4 Nf6 2. c4 e6 3. Nf3 b6 4. g3 Bb7 5. Bg2 Be7 6. O-O O-O 7. Nc3 Ne4 8. Bd2
Bf6 9. Qc2 Nxd2 10. Qxd2 d6 11. Qc2 g6 12. e4 Nd7 13. Rad1 Bg7 14. Rfe1 Qe7 15.
b4 a5 16. a3 axb4 17. axb4 c5 18. bxc5 bxc5 19. d5 Nb6 20. dxe6 fxe6 21. Nb5
Rad8 22. Qb3 Nc8 23. h4 Bc6 24. Nc3 Kh8 25. Rd3 Qc7 26. Ng5 Rde8 27. Re2 h6 28.
Nf3 Rd8 29. Bh3 Rf6 30. Nd2 Ne7 31. e5 dxe5 32. Rxd8+ Qxd8 33. Nde4 Rf3 34. Rd2
Qa8 35. Qd1 Rf8 36. Ra2 Qc8 37. Nxc5 Nf5 38. Bxf5 exf5 39. Qd6 Bf3 40. Ra7 Rg8
41. Ne6 Qb8 42. Qa3 Bf6 43. Nb5 Bc6 44. Qa6 Bxb5 45. cxb5 Qe8 46. Nc7 Qd8 47.
Ra8 Qd1+ 48. Kg2 Bd8 49. Ne6 Qd3 50. Kh2 Qd2 51. Qa7 Bf6 52. Qe3 Qxe3 53. Rxg8+
Kxg8 54. fxe3 Kf7 55. b6 e4 56. Nd8+ 1-0

[Event "DEM U16 2007"]
[Site "Willingen GER"]
[Date "2007.05.27"]
[Round "2"]
[White "Jorczik, Julian"]
[Black "Sergin, Mark"]
[Result "1-0"]
[Termination "normal"]
[Board "2"]
[WhiteTitle "FM"]
[WhiteElo "2294"]
[BlackElo "2084"]
[PlyCount "55"]
[WhiteFideId "24611719"]
[BlackFideId "24615307"]
[EventCountry "GER"]
[EventRounds "9"]
[EventType "swiss"]
[EventDate "2007.05.26"]

1. d4 Nf6 2. c4 e6 3. Nf3 b6 4. e3 Bb7 5. Bd3 c5 6. O-O Be7 7. b3 d6 8. Bb2
Nbd7 9. Nbd2 O-O 10. Qc2 Qc7 11. Rad1 Rac8 12. Rfe1 h6 13. a3 Rfe8 14. Qb1 Qb8
15. e4 cxd4 16. Nxd4 Nc5 17. Bc2 Qa8 18. f4 Red8 19. Re2 a6 20. Rf1 Ncd7 21. e5
Ne8 22. f5 Nxe5 23. fxe6 Nf6 24. exf7+ Kxf7 25. Bf5 Bc6 26. Be6+ Kf8 27. Qh7
Nf7 28. Bxf7 1-0

[Event "DEM U16 2007"]
[Site "Willingen GER"]
[Date "2007.05.27"]
[Round "2"]
[White "Raykhman, Alexander"]
[Black "Huschenbeth, Niclas"]
[Result "0-1"]
[Termination "normal"]
[Board "3"]
[WhiteElo "2026"]
[BlackElo "2259"]
[PlyCount "92"]
[WhiteFideId "24637033"]
[BlackFideId "24604747"]
[EventCountry "GER"]
[EventRounds "9"]
[EventType "swiss"]
[EventDate "2007.05.26"]

1. e4 c5 2. Nf3 d6 3. d4 cxd4 4. Nxd4 Nf6 5. Nc3 Nc6 6. g3 Bg4 7. f3 Bd7 8. Be3
g6 9. Qd2 Bg7 10. O-O-O Rc8 11. g4 Ne5 12. Be2 O-O 13. h4 h5 14. gxh5 Nxh5 15.
Rhg1 Nc4 16. Bxc4 Rxc4 17. Kb1 b5 18. Nde2 b4 19. Nd5 e6 20. Bg5 Qa5 21. Ne7+
Kh7 22. Qxd6 Bb5 23. Rg2 Rc7 24. Nxg6 fxg6 25. Bd8 Rxd8 26. Qxd8 Bxe2 27. Rxe2
Qe5 28. c3 bxc3 29. Rc2 Rb7 30. b3 a5 31. Qa8 Qb5 32. Ka1 Qe2 33. Rdc1 Qb5 34.
Re1 Rd7 35. Kb1 Rd2 36. e5 Qd3 37. Qe4 Qxe4 38. Rxe4 Rd1+ 39. Rc1 Rd3 40. f4
Ng3 41. Ree1 Nf5 42. Kc2 Rf3 43. Re4 Bf8 44. Ra4 Bb4 45. a3 Nd4+ 46. Kb1 Rf2
0-1

[Event "DEM U16 2007"]
[Site "Willingen GER"]
[Date "2007.05.27"]
[Round "2"]
[White "Hirneise, Jens"]
[Black "Geske, Julian"]
[Result "0-1"]
[Termination "normal"]
[Board "4"]
[WhiteElo "2076"]
[BlackElo "2138"]
[PlyCount "170"]
[WhiteFideId "24614734"]
[BlackFideId "24605263"]
[EventCountry "GER"]
[EventRounds "9"]
[EventType "swiss"]
[EventDate "2007.05.26"]

1. e4 d5 2. exd5 Qxd5 3. Nc3 Qa5 4. d4 Nf6 5. Bc4 Bg4 6. f3 Bf5 7. Bd2 Qb6 8.
Nge2 e6 9. O-O Be7 10. Be3 O-O 11. Qc1 Rd8 12. Ng3 Bg6 13. Nge4 Nd5 14. Bf2 c6
15. Na4 Qc7 16. Bg3 Qc8 17. Nac5 Nb6 18. Bb3 Rxd4 19. Rd1 Rxd1+ 20. Qxd1 N8d7
21. Bd6 Nxc5 22. Nxc5 Qd8 23. Bxe7 Qxe7 24. Qd4 Rd8 25. Qf2 Nd5 26. Re1 b6 27.
Ne4 h6 28. Ng3 Qf6 29. c3 Nf4 30. Bc2 Nd3 31. Bxd3 Bxd3 32. Nh5 Qg5 33. Ng3 Bg6
34. f4 Qd5 35. a3 Kf8 36. Nf1 Qd3 37. Ne3 Qd2 38. h3 Qxf2+ 39. Kxf2 Rd2+ 40.
Re2 Rxe2+ 41. Kxe2 Be4 42. g3 Ke7 43. Ng4 f6 44. Ke3 Bd5 45. Kd3 Kd6 46. Ne3 c5
47. c4 Bf3 48. h4 Ke7 49. Nf1 Kf7 50. Nd2 Bc6 51. b4 cxb4 52. axb4 Ke7 53. Kd4
Kd6 54. c5+ Kc7 55. Nc4 Bb5 56. Nd6 Bd7 57. g4 a5 58. Nc4 bxc5+ 59. Kxc5 axb4
60. Kxb4 Kc6 61. Ne3 Kd6 62. Nc4+ Kd5 63. Nb6+ Kc6 64. Nc4 Bc8 65. Kc3 Kc5 66.
Ne3 Ba6 67. Nc2 Be2 68. g5 hxg5 69. hxg5 fxg5 70. fxg5 Kd5 71. Kd2 Bb5 72. Ke3
Ke5 73. Nd4 Bc4 74. Nf3+ Kf5 75. Kd4 Bd5 76. Ne1 Kxg5 77. Ke5 Kg4 78. Nc2 g5
79. Nd4 Bc4 80. Ke4 Kg3 81. Ke3 g4 82. Nc6 Kh2 83. Ne5 g3 84. Nf3+ Kh3 85. Ke4
Bd5+ 0-1

[Event "DEM U16 2007"]
[Site "Willingen GER"]
[Date "2007.05.27"]
[Round "2"]
[White "Savchenko, Aleksij"]
[Black "Gölz, Daniel"]
[Result "1-0"]
[Termination "normal"]
[Board "5"]
[WhiteElo "2101"]
[BlackElo "1974"]
[PlyCount "79"]
[WhiteFideId "24611727"]
[BlackFideId "24626325"]
[EventCountry "GER"]
[EventRounds "9"]
[EventType "swiss"]
[EventDate "2007.05.26"]

1. d4 d5 2. c4 e6 3. Nc3 Nf6 4. cxd5 exd5 5. Bg5 Be7 6. e3 c6 7. Bd3 Ne4 8. Bf4
Qa5 9. Nge2 O-O 10. O-O f5 11. f3 Nxc3 12. Nxc3 Be6 13. Qc2 Nd7 14. e4 dxe4 15.
fxe4 Bf6 16. Ne2 fxe4 17. Bxe4 h6 18. Bd6 Rfd8 19. b4 Qb6 20. Rad1 Bd5 21. Kh1
Bg5 22. Bxd5+ cxd5 23. Bf4 Bxf4 24. Nxf4 Nf8 25. Qf5 Qd6 26. Rde1 Rd7 27. Re5
Qxb4 28. Nxd5 Qa3 29. Rfe1 Rf7 30. Qc2 Nd7 31. Ne7+ Kh8 32. Ng6+ Kg8 33. Re7
Qb4 34. Qe4 Qc4 35. Rxf7 Qxf7 36. Ne7+ Kf8 37. Qh7 Qxa2 38. Qh8+ Kf7 39. Qxa8
Qa5 40. Qg8+ 1-0

[Event "DEM U16 2007"]
[Site "Willingen GER"]
[Date "2007.05.27"]
[Round "2"]
[White "Kachibadze, Georg"]
[Black "Strunski, Andreas"]
[Result "0-1"]
[Termination "normal"]
[Board "6"]
[WhiteElo "1994"]
[BlackElo "2165"]
[PlyCount "84"]
[WhiteFideId "24640794"]
[BlackFideId "24606073"]
[EventCountry "GER"]
[EventRounds "9"]
[EventType "swiss"]
[EventDate "2007.05.26"]

1. e4 c5 2. Nf3 e6 3. d4 cxd4 4. Nxd4 a6 5. Bd3 Nc6 6. Nb3 Nf6 7. O-O Qc7 8.
Nc3 b5 9. f4 b4 10. Ne2 Qb6+ 11. Kh1 Ng4 12. Qe1 d6 13. c3 Be7 14. Bd2 Bf6 15.
cxb4 Bxb2 16. Rb1 Bf6 17. Na5 Nxa5 18. bxa5 Qc5 19. Qg3 h5 20. Bb4 Qa7 21. Bxd6
Be7 22. Bxe7 Qxe7 23. Rfc1 Qa7 24. Rb6 Qd7 25. Kg1 O-O 26. h3 Nf6 27. Rc4 Bb7
28. Rcb4 Bc6 29. Qe3 Rfd8 30. Rd4 Qc7 31. Rc4 Qd7 32. Rcxc6 Qxd3 33. Qxd3 Rxd3
34. e5 Nd5 35. Rxa6 Rb8 36. Rc1 Rb2 37. Re1 Rdd2 38. Kf1 Ne3+ 39. Kf2 Nc2 40.
Ra8+ Kh7 41. Rc1 Nd4 42. Re1 Nxe2 0-1

[Event "DEM U16 2007"]
[Site "Willingen GER"]
[Date "2007.05.27"]
[Round "2"]
[White "Heimann, Andreas"]
[Black "Tkachuk, Konstantyn"]
[Result "1-0"]
[Termination "normal"]
[Board "7"]
[WhiteElo "2231"]
[BlackElo "2135"]
[PlyCount "113"]
[WhiteFideId "24624632"]
[BlackFideId "24647330"]
[EventCountry "GER"]
[EventRounds "9"]
[EventType "swiss"]
[EventDate "2007.05.26"]

1. e4 c5 2. Nf3 d6 3. d4 cxd4 4. Nxd4 Nf6 5. f3 g6 6. c4 Bg7 7. Be3 Nc6 8. Qd2
O-O 9. Nc3 a6 10. Be2 Bd7 11. O-O Rb8 12. Rfd1 b5 13. cxb5 Nxd4 14. Bxd4 axb5
15. b4 Bc6 16. a4 bxa4 17. b5 Bb7 18. Rxa4 Nd7 19. Be3 Ra8 20. Rxa8 Qxa8 21.
Nd5 Bxd5 22. Qxd5 Qxd5 23. Rxd5 Rb8 24. Rd2 Kf8 25. Ra2 Ke8 26. Kf2 Bc3 27. Ra4
Kd8 28. f4 Bf6 29. Kf3 Kc7 30. Rc4+ Kb7 31. Rc6 Rc8 32. Bc4 Rxc6 33. bxc6+ Kxc6
34. Bd5+ Kc7 35. Bxf7 Nf8 36. g4 e6 37. g5 Bg7 38. Kg4 Kd7 39. f5 exf5+ 40.
exf5 gxf5+ 41. Kxf5 Ke7 42. Bg8 Be5 43. h4 Bg3 44. h5 Be5 45. Bf2 Bc3 46. Bh4
Ke8 47. Bd5 Be5 48. Be1 Ke7 49. Bg8 Bb2 50. Ba5 Be5 51. Bd2 Bb2 52. h6 Be5 53.
Bxh7 Nxh7 54. g6 Nf8 55. Bg5+ Ke8 56. Bf6 Nxg6 57. Kxg6 1-0

[Event "DEM U16 2007"]
[Site "Willingen GER"]
[Date "2007.05.27"]
[Round "2"]
[White "Fernschild, Daniel"]
[Black "Seemann, Semjon"]
[Result "1/2-1/2"]
[Termination "normal"]
[Board "8"]
[WhiteElo "1719"]
[BlackElo "1991"]
[PlyCount "63"]
[WhiteFideId "4624513"]
[BlackFideId "24624080"]
[EventCountry "GER"]
[EventRounds "9"]
[EventType "swiss"]
[EventDate "2007.05.26"]

1. d4 Nf6 2. Nf3 c5 3. e3 b6 4. Bd3 Bb7 5. Nbd2 g6 6. O-O Bg7 7. c3 O-O 8. e4
d6 9. b3 e6 10. Bb2 Nbd7 11. Re1 a6 12. Nc4 d5 13. Nd6 Bc6 14. e5 Ne8 15. Nxe8
Rxe8 16. Qe2 Bb7 17. Rad1 Qc7 18. h3 b5 19. Nh2 f6 20. f4 Qb6 21. Kh1 fxe5 22.
fxe5 b4 23. Bb1 a5 24. Qd2 c4 25. Bc2 Rec8 26. Re3 Bh6 27. Ng4 Bxe3 28. Qxe3
Qd8 29. Rf1 Qh4 30. Nh6+ Kh8 31. Nf7+ Kg8 32. Nh6+ 1/2-1/2

[Event "DEM U16 2007"]
[Site "Willingen GER"]
[Date "2007.05.27"]
[Round "2"]
[White "Homburg, David"]
[Black "Lichmann, Peter"]
[Result "0-1"]
[Termination "normal"]
[Board "9"]
[WhiteElo "2075"]
[BlackElo "2314"]
[PlyCount "94"]
[WhiteFideId "24632201"]
[BlackFideId "14111268"]
[EventCountry "GER"]
[EventRounds "9"]
[EventType "swiss"]
[EventDate "2007.05.26"]

1. e4 c5 2. c3 Nf6 3. e5 Nd5 4. g3 Nc6 5. Nf3 Qc7 6. Qe2 e6 7. Bg2 Be7 8. O-O
O-O 9. d3 Rd8 10. Nbd2 d6 11. exd6 Qxd6 12. Nc4 Qc7 13. Rd1 b6 14. a4 Bb7 15.
Nfe5 a6 16. Nxc6 Bxc6 17. Qe5 Qb7 18. Qe1 Bf6 19. Ne5 Bxe5 20. Qxe5 Rd7 21. a5
b5 22. Be3 Nxe3 23. Bxc6 Qxc6 24. fxe3 Rad8 25. d4 f6 26. Qh5 Qe4 27. Re1 e5
28. Rac1 Re7 29. Kf2 Qc6 30. dxc5 Rd2+ 31. Re2 g6 32. Qf3 e4 33. Qf4 Rd8 34. b4
Re5 35. g4 Kg7 36. Kg2 h5 37. h3 Rd3 38. Rf2 g5 39. Qh2 Rxe3 40. Kg1 h4 41. Rd1
Rg3+ 42. Rg2 Rd3 43. Rgd2 Rg3+ 44. Rg2 Rxc3 45. Rd6 Rc1+ 46. Kf2 e3+ 47. Ke2
Rc2+ 0-1